000 00237nam a22000977a 4500
999 _c16191
_d16191
003 OSt
008 200617b ||||| |||| 00| 0 eng d
100 _aAldous Huxley
_94610
245 _aAdonis and the alphabet: and other essays
942 _cBK